000 01209nam0a22002771 4500
001 rc\3423656
005 20130115141244.7
021 _aRU
_bРг5725-72
035 _a(NLR Aleph) 007558802
090 _a5279691
_c5279691
100 _a20130115d1971 |||y0rusy50 ca
101 0 _arus
102 _aRU
105 _ay a |||||
200 1 _aБиблиография трудов научных работников кафедры "Металлорежущие станки и инструмент"
_fРост. н/Дону ин-т с.-х. машиностроения. Науч.-техн. б-ка
210 _aРостов-на-Дону
_cБ. и.
_d1971
215 _a45 с.
_d20
300 _aНа обороте тит. л. сост.: библиограф С.М. Мансик, библиотекарь С.М. Садчикова
702 1 _aМансик
_bС. М.
_4220
702 1 _aСадчикова
_bС. М.
_4220
710 0 2 _aРостовский-на-Дону институт сельскохозяйственного машиностроения
_3RU\NLR\AUTH\889917470
801 0 _aRU
_bNLR
_gpsbo
801 1 _aRU
_bELAR
_2rusmarc
852 _aNLR
_jС307-500/Р-78
942 _cBOOK
980 _aNB